00522nam a22001812 4500001001100000005001700011008004100028020001700069040001500086100003700101245007500138250001300213260002900226300001700255650003000272700003500302852000300337000002103420151021152604.0120109s xx 000 0 eng d a8120332386 : aKABUcKABU1 aArmendariz, Beatriz.@000018170614aThe Economics of microfinance /cBeatriz Armendariz, Jonathan Morduch. a1st ed. aNew Delhi :bPHI,c2005. axiv, 346 p. 0aMicrofinance.@00001652321 aMorduch, Jonathan.@00001817071